La semántica
Salvato in:
| Autore principale: | |
|---|---|
| Natura: | Libro |
| Lingua: | spagnolo |
| Pubblicazione: |
Ciudad de México
Fondo de Cultura Económica
1960
|
| Edizione: | 1a. ed |
| Serie: | Breviarios del Fondo de Cultura Económica, 153
|
| Soggetti: | |
| Tags: |
Aggiungi Tag
Nessun Tag, puoi essere il primo ad aggiungerne!!
|
MARC
| LEADER | 00000nam a2200000 a 4500 | ||
|---|---|---|---|
| 001 | UCI0080 | ||
| 003 | CL-VaPUC | ||
| 008 | 070420e19600000MX |||||||||||||||||spa|d | ||
| 082 | 0 | 4 | |a 401.43 |b GUI |2 21 |
| 100 | |a Guiraud, Pierre |e author |9 554560 | ||
| 245 | 1 | 3 | |a La semántica |
| 250 | |a 1a. ed | ||
| 300 | |a 115 p | ||
| 942 | |c BK | ||
| 945 | |d 20070420 00:00:00 |a jtorresc | ||
| 260 | |a Ciudad de México |b Fondo de Cultura Económica |c 1960 | ||
| 650 | 0 | |a Semántica |9 265318 | |
| 650 | 0 | |a Semiología |9 317916 | |
| 650 | 7 | |a SIGNIFICACION LINGUISTICA |2 CL-VaPUC |9 520170 | |
| 650 | 7 | |a SIGNO LINGUISTICO |2 CL-VaPUC |9 520171 | |
| 650 | 7 | |a FUNCION SEMANTICA |2 CL-VaPUC |9 520172 | |
| 650 | 0 | |a Retórica |9 266620 | |
| 650 | 7 | |a SEMANTICA ESTRUCTURAL |2 CL-VaPUC |9 504119 | |
| 583 | |a last modification |c 20130304 02:29:46 |k Rodrigo Vera | ||
| 490 | 0 | |a Breviarios del Fondo de Cultura Económica, 153 | |
| 999 | |c 325371 |d 325369 | ||
| 952 | |0 0 |1 0 |4 0 |6 401_430000000000000_GUI_1960 |7 0 |8 A |9 406125 |a FDOPOS |b FDOPOS |d 2019-11-22 |i 427458K |o 401.43 GUI 1960 |p 427458K |r 2025-01-22 |w 2019-11-22 |y BK |k MLA | ||
| 952 | |0 0 |1 0 |4 0 |6 401_430000000000000_GUI_1960 |7 0 |8 A |9 406126 |a FDOPOS |b FDOPOS |d 2019-11-22 |i 4272250 |o 401.43 GUI 1960 |p 4272250 |r 2025-01-22 |w 2019-11-22 |y BK |k MLA | ||